[Event "IRI-ch U16"]
[Site "Chess.com INT"]
[Date "2021.01.16"]
[Round "6"]
[White "Mehri, Mohammad Amin"]
[Black "Zaheri, Mehran"]
[Result "1-0"]
[WhiteElo "1441"]
[BlackElo "1662"]
[PlyCount "125"]
[EventDate "2021.01.16"]
[EventType "swiss"]
[EventRounds "11"]
[EventCountry "IRI"]
[SourceTitle "EXT 2022"]
[Source "ChessBase"]
[SourceDate "2021.10.06"]
[SourceVersion "1"]
[SourceVersionDate "2021.10.06"]
[SourceQuality "1"]

1. e4 e5 2. Nf3 Nc6 3. Bc4 Bc5 4. 0-0 d6 5. c3 Bg4 6. b4 Bb6 7. a4 a5 8. b5 Nb8 9. d3 Nf6 10. Nbd2 h6 11. Re1 Nbd7 12. Nf1 Nh5 13. h3 Be6 14. Bxe6 fxe6 15. Nxe5 0-0 16. Nf3 Ne5 17. N1h2 Qh4 18. d4 Nxf3+ 19. Nxf3 Qf6 20. Be3 Nf4 21. Bxf4 Qxf4 22. Qd2 Qf6 23. e5 Qg6 24. Kh2 Rf7 25. exd6 cxd6 26. Qe2 Re8 27. Qe4 Qf6 28. Rac1 e5 29. c4 Ree7 30. dxe5 dxe5 31. c5 Ba7 32. Red1 Re8 33. Rd6 Qe7 34. Rd5 Bb8 35. Re1 Rf4 36. Qxf4 e4 37. Ne5 Qe6 38. Rd6 Bxd6 39. cxd6 Qxe5 40. Qxe5 Rxe5 41. Rd1 Re8 42. Kg3 Kf7 43. d7 Rd8 44. Kf4 Ke7 45. Kxe4 Ke6 46. g4 g5 47. Rd5 b6 48. Re5+ Kd6 49. Rd5+ Ke6 50. Rd4 Rxd7 51. Rxd7 Kxd7 52. Kd5 Kc7 53. Ke6 Kc8 54. Kd6 Kb8 55. Kc6 Ka7 56. Kc7 h5 57. gxh5 g4 58. h6 gxh3 59. h7 h2 60. h8R h1Q 61. Rxh1 Ka8 62. Kxb6 Kb8 63. Rh8# 1-0